000 00196 a2200097 4500
020 _a9780142401903
041 _aeng
100 _aAnn Grifalconi
245 _aThe Village that vanished
942 _cK
999 _c31362
_d31360